A tenger [vers] /
Elmentve itt :
| Szerző: | |
|---|---|
| Dokumentumtípus: | Cikk |
| Megjelent: |
1969
|
| Sorozat: | Tiszatáj
23 No. 2 |
| Kulcsszavak: | Magyar irodalom - vers |
| Online Access: | http://tiszataj.bibl.u-szeged.hu/5642 |
| LEADER | 00557nab a2200181 i 4500 | ||
|---|---|---|---|
| 001 | tisza5642 | ||
| 005 | 20200330130934.0 | ||
| 008 | 170504s1969 hu o 0|| hun d | ||
| 022 | |a 0133-1167 | ||
| 040 | |a SZTE Tiszatáj Archívum |b hun | ||
| 041 | |a hun | ||
| 100 | 1 | |a Kovács Vilmos | |
| 245 | 1 | 2 | |a A tenger |h [elektronikus dokumentum] : |b [vers] / |c Kovács Vilmos |
| 260 | |c 1969 | ||
| 300 | |a 135 | ||
| 490 | 0 | |a Tiszatáj |v 23 No. 2 | |
| 695 | |a Magyar irodalom - vers | ||
| 856 | 4 | 0 | |u http://tiszataj.bibl.u-szeged.hu/5642/1/tiszataj_1969_002_0135a.pdf |z Dokumentum-elérés |